书目信息 |
| 题名: |
热贡艺术
|
|
| 作者: | 马成俊 著 | |
| 分册: | ||
| 出版信息: | 杭州 浙江人民出版社 2005 |
|
| 页数: | 236页 | |
| 开本: | 25cm | |
| 丛书名: | 人类口头与非物质文化遗产丛书 | |
| 单 册: | ||
| 中图分类: | J052 | |
| 科图分类: | ||
| 主题词: | 艺术--鉴赏--同仁县 , 艺术 | |
| 电子资源: | ||
| ISBN: | 7-213-02961-4 | |
| 000 | 00895oam2 2200253 450 | |
| 001 | 002833005 | |
| 005 | 20070801171515.28 | |
| 010 | @a7-213-02961-4@dCNY48.00 | |
| 100 | @a20050401d2005 em y0chiy0110 ea | |
| 101 | 0 | @achi |
| 102 | @aCN@b330000 | |
| 105 | @aa z 000yy | |
| 200 | 1 | @a热贡艺术@9re gong yi shu@f马成俊著 |
| 210 | @a杭州@c浙江人民出版社@d2005 | |
| 215 | @a236页@c彩照,图@d25cm | |
| 225 | 2 | @a人类口头与非物质文化遗产丛书 |
| 330 | @a本书共分十章,内容包括:神灵佛光弥漫的热贡,热贡艺术的生成、发展及保护,热贡艺术的种类,热贡唐卡艺术,热贡堆绣艺术,热贡雕塑艺术,多彩的热贡建筑,热贡舞蹈艺术,热贡六月歌会,热贡艺术的现代转型。 | |
| 461 | 0 | @12001 @a人类口头与非物质文化遗产丛书 |
| 606 | 0 | @a艺术@x鉴赏@y同仁县 |
| 606 | 0 | @a艺术 |
| 690 | @aJ052@v4 | |
| 701 | 0 | @c(撒拉)@a马成俊@9ma cheng jun@f(1964.7~)@4著 |
| 801 | 0 | @aCN@bNLC@c20070801 |
| 905 | @a10447@dJ052@e213 | |
| 热贡艺术/马成俊著.-杭州:浙江人民出版社,2005 |
| 236页:彩照,图;25cm.-(人类口头与非物质文化遗产丛书) |
| ISBN 7-213-02961-4:CNY48.00 |
| 本书共分十章,内容包括:神灵佛光弥漫的热贡,热贡艺术的生成、发展及保护,热贡艺术的种类,热贡唐卡艺术,热贡堆绣艺术,热贡雕塑艺术,多彩的热贡建筑,热贡舞蹈艺术,热贡六月歌会,热贡艺术的现代转型。 |
| ● |
| 相关链接 |
|
|
|
|
正题名:热贡艺术
索取号:J052/213
 
预约/预借
| 序号 | 登录号 | 条形码 | 馆藏地/架位号 | 状态 | 备注 |
| 1 | 0800162 | 208001623 | 第一样本阅览室/ [索取号:J052/213] | 在馆 | |
| 2 | 0800163 | 208001632 | 第一借阅区/ [索取号:J052/213] | 在馆 | |
| 3 | 0800164 | 208001641 | 第一借阅区/ [索取号:J052/213] | 在馆 | |
| 4 | 0800165 | 208001650 | 第一借阅区/ [索取号:J052/213] | 在馆 | |
| 5 | 0800166 | 208001669 | 第一借阅区/ [索取号:J052/213] | 在馆 | |
| 6 | 0800167 | 208001678 | 密集书库-美术系/ [索取号:J052/213] | 在馆 | |
| 7 | 0800168 | 208001687 | 密集书库-美术系/ [索取号:J052/213] | 在馆 | |
| 8 | 0800169 | 208001696 | 密集书库-美术系/ [索取号:J052/213] | 在馆 |